Detalles MARC
| 000 -LÍDER |
| Campo fijo de descripción fija |
02784cam a2200373 i 4500 |
| 001 - NÚMERO DE CONTROL |
| Campo de control |
768714001 |
| 003 - IDENTIFICADOR DEL NÚMERO DE CONTROL |
| Campo de control |
CO-MdFUSB |
| 005 - FECHA Y HORA DE LA ULTIMA TRANSACCIÓN |
| control field |
20240530084636.0 |
| 007 - CAMPO FIJO DE DESCRIPCIÓN FIJA--INFORMACIÓN GENERAL |
| Campo fijo de descripción fija |
ta |
| 008 - ELEMENTOS DE LONGITUD FIJA -- INFORMACIÓN GENERAL |
| Campo fijo de descripción fija -- Información general |
190109t20192019gau b 001 0 eng |
| 020 ## - NÚMERO INTERNACIONAL NORMALIZADO PARA LIBROS |
| Número Internacional Normalizado del libro |
1628372435 |
| 040 ## - FUENTE DE CATALOGACIÓN |
| Agencia de catalogación original |
DLC |
| Idioma de catalogación |
eng |
| Convenciones de la descripción |
rda |
| Agencia que realiza la transcripción |
CO-MdFUSB |
| Agencia que realiza la modificación |
OCLCF |
| -- |
OCLCO |
| -- |
KPS |
| -- |
ELW |
| -- |
KAT |
| -- |
FPD |
| 041 ## - CÓDIGO DE IDIOMA |
| Código de idioma para texto/pista de sonido o título separado |
eng |
| 082 ## - NÚMERO DE CLASIFICACIÓN DECIMAL DEWEY |
| Número de la edición del Dewey |
23 |
| Número de clasificación |
221.6 |
| Clave de autor-Numero de item |
P921 |
| 245 00 - TÍTULO |
| Título del Material |
Prayers and the construction of Israelite identity / |
| Mención de responsabilidad, etc. |
editado por Susanne Gillmayr-Bucher , Maria Häusl. |
| 264 #1 - PRODUCCIÓN, PUBLICACIÓN, DISTRIBUCIÓN, MANUFACTURA, Y COPYRIGHT |
| Lugar de producción, publicación, distribución, manufactura |
Atlanta : |
| Nombre del productor, publicador, distribuidor |
SBL Press, |
| Fecha de producción, publicación, distribución, manufactura, o copyright |
[2019] |
| 264 #4 - PRODUCCIÓN, PUBLICACIÓN, DISTRIBUCIÓN, MANUFACTURA, Y COPYRIGHT |
| Fecha de producción, publicación, distribución, manufactura, o copyright |
©2019. |
| 300 ## - DESCRIPCIÓN FÍSICA |
| Extensión |
xi, 245 páginas ; |
| Dimensiones |
23 cm. |
| 336 ## - TIPO DE CONTENIDO |
| Término de tipo de contenido |
texto |
| Código de tipo de contenido |
txt |
| Fuente |
rdacontent. |
| 337 ## - TIPO DE MEDIO |
| Nombre del tipo de medio |
sin mediación |
| Código del tipo de medio |
n |
| Fuente |
rdamedia. |
| 338 ## - TIPO DE SOPORTE |
| Nombre del tipo de soporte |
volumen |
| Código Tipo de soporte |
nc |
| Fuente |
rdacarrier. |
| 490 1# - MENCIÓN DE SERIE |
| Mención de serie |
Ancient Israel and its literature ; |
| 504 ## - NOTA DE BIBLIOGRAFÍA, ETC. |
| Nota de bibliografía, etc |
Includes bibliographical references and indexes. |
| 505 00 - NOTA DE CONTENIDO |
| Información miscelánea |
Introducción / |
| Mención de responsabilidad |
Susanne Gillmayr-Bucher, |
| -- |
Maria Häusl -- |
| Información miscelánea |
Dando forma a los libros bíblicos a través de la oración -- |
| Título |
Dando forma retórica e ideológicamente a la narrativa a través del discurso de oración directo e indirecto en Crónicas / |
| Mención de responsabilidad |
Michael D. Matlock -- |
| Título |
Oraciones en el libro de Jonás: ¿reflexiones sobre las diferentes identidades "israelitas"?/ |
| Mención de responsabilidad |
Dirk J. Human -- |
| Título |
Entonces oré al Dios del cielo (Neh 2:4): oración y oraciones en los libros de Esdras y Nehemías / |
| Mención de responsabilidad |
Maria Häusl -- |
| Título |
Identidad y justicia social en Yehud postexílico: leyendo Nehemías 9 en una perspectiva liberacionista africana. / |
| Mención de responsabilidad |
Ndikho Mtshiselwa -- |
| Información miscelánea |
(Re)modelar figuras bíblicas a través de oraciones. -- |
| Título |
Cuentos de prueba: Génesis 22 y Daniel 3 y 6 / |
| Mención de responsabilidad |
Christo Lombaard -- |
| Título |
Gloria y remordimiento: transiciones en la oración de Salomón (1 Reyes 8) / |
| Mención de responsabilidad |
Susanne Gillmayr-Bucher -- |
| Título |
La(s) oración(es) de Ana en 1 Samuel 1-2 y en el Liber antiquitatum biblicarum de Pseudo-Philo/ |
| Mención de responsabilidad |
Hannes Bezzel -- |
| Información miscelánea |
(Re-)construyendo la identidad en las oraciones del Salterio.-- |
| Título |
El salmo 37 y la devocionalización de la instrucción en el período postexílico / |
| Mención de responsabilidad |
Scott C. Jones -- |
| Título |
Sancionar y subvertir: las reutilizaciones del Salmo 132 en la Biblia hebrea/ |
| Mención de responsabilidad |
Melody D. Knowles -- |
| Título |
Aspectos del recuerdo y la construcción dinámicos en el Salmo 145: una contribución al estudio de la oración en los tiempos persa y helenístico. / |
| Mención de responsabilidad |
Nancy Rahn. |
| 630 07 - TITULO UNIFORME |
| Título uniforme |
Biblia. |
| Nombre de parte o sección de la obra |
Antiguo Testamento |
| Subdivisión de materia general |
Crítica, interpretación, etc. |
| 650 #7 - ASIENTO SECUNDARIO DE MATERIA - TERMINO TEMÁTICO |
| 9 (RLIN) |
86 |
| Término temático o nombre geográfico como elemento de entrada |
Oración |
| 700 1# - ASIENTO SECUNDARIO - NOMBRE PERSONAL |
| Nombre personal |
Gillmayr-Bucher, Susanne, |
| Fechas asociadas con el nombre |
1962- |
| Responsabilidad |
editor |
| 700 1# - ASIENTO SECUNDARIO - NOMBRE PERSONAL |
| Nombre personal |
Häusl, Maria. |
| Responsabilidad |
editor |
| 776 08 - ASIENTO DE SOPORTE FISICO ADICIONAL |
| Información de relación |
Online version: |
| Título |
Prayers and the construction of Israelite identity. |
| Place, publisher, and date of publication |
Atlanta : SBL Press, 2019 |
| Número de libro internacional estándar |
9780884143673 |
| Record control number |
(DLC) 2019005096 |
| -- |
(OCoLC)1084618341. |
| 830 #0 - PUNTO DE ACCESO ADICIONAL DE SERIE - TÍTULO UNIFORME |
| Título uniforme |
Ancient Israel and its literature ; |
| Designación de volumen o secuencia |
no. 35. |
| 942 ## - TIPO DE MATERIAL (KOHA) |
| Tipo de Item KOHA |
Libros General |
| 945 ## - INFORMACIÓN LOCAL DEL REGISTRO |
| Catalogador |
JTF-925 |